Introduction to Artificial Neural Networks/ (Record no. 13779)

MARC details
000 -LEADER
fixed length control field 00667nam a22001577a 4500
008 - FIXED-LENGTH DATA ELEMENTS--GENERAL INFORMATION
fixed length control field 100325s2009 ii|||||r|||| 001 0 eng d
082 ## - DEWEY DECIMAL CLASSIFICATION NUMBER
Edition number 22
Classification number 006.32
Item number GOS
100 ## - MAIN ENTRY--PERSONAL NAME
9 (RLIN) 13109
Personal name Goswami, Gunjan
245 ## - TITLE STATEMENT
Title Introduction to Artificial Neural Networks/
Statement of responsibility, etc Gunjan Goswami
260 ## - PUBLICATION, DISTRIBUTION, ETC. (IMPRINT)
Place of publication, distribution, etc New Delhi:
Name of publisher, distributor, etc S. K. Kataria & Sons, 2009
Date of publication, distribution, etc 2009
300 2# - PHYSICAL DESCRIPTION
Extent 267 p.:
Other physical details ill.;
Dimensions 23 cm.
500 ## - GENERAL NOTE
General note Includes index
650 ## - SUBJECT ADDED ENTRY--TOPICAL TERM
9 (RLIN) 12929
Topical term or geographic name as entry element Neural Networks (Computer Science).
942 ## - ADDED ENTRY ELEMENTS (KOHA)
Source of classification or shelving scheme Dewey Decimal Classification
Item type Book - Borrowing
Holdings
Withdrawn status Item status Source of classification or shelving scheme Damaged status Not for loan Vendor Home library Current library Shelving location Date acquired Source of acquisition Cost, normal purchase price Serial Enumeration / chronology Total Checkouts Total Renewals Full call number Barcode Date last seen Date last borrowed Koha item type
    Dewey Decimal Classification     Alahram Central Library Central Library Lower Floor 25/03/2010   16.50 40 2 1 006.32 GOS 000020338 15/07/2025 19/08/2015 Book - Borrowing